000 00496nam a2200193Ia 4500
008 220531s9999 xx 000 0 und d
041 _aeng
082 _a-
_bNAR
100 _aNarayan, R.
_969435
245 _aHandbook Of Object Oriented Programme With Java
250 _a1ST
260 _aNew Delhi
_bAnmol
_c2014
300 _a288
542 _d03-01-2015
551 _aComputer Science
_bNon-grant-CS
650 _aJava
_969436
906 _d2014-2015
_f3952
999 _c38949
_d38949